000 00686nam a2200217Ii 4500
003 JO-AjNU
008 230605s9999||||xx |||||||||||||| ||und||
017 _a2014/2/672
040 _aJO-AjNU
_bara
_erda
_cJO-AjNU
041 _aara
050 1 4 _aGA105.3 2014
100 3 _a قطيشات، ضياء الدين أمجد,
_eauthor
_951423
245 0 0 _aعلم الخرائط
250 _aط1
264 3 1 _aعمان: مكتبة المجتمع العربي، 2014
300 _a217ص
_bصور توضبحية
336 _atext
_btxt
_2rdacontent
337 _aunmediated
_bn
_2rdamedia
338 _avolume
_bnc
_2rdacarrier
650 4 _aالخرائط- رسم الخرائط
_951424
999 _aA22712
_c26280
_d26280